| Tag |
First Indicator |
Second Indicator |
Subfields |
| LEADER |
00000pam a2200000 i 4500 |
| 001 |
in00001786821 |
| 005 |
20151025184600.0 |
| 008 |
800509t19801979nyu 000 0 eng |
| 010 |
|
|
|a 80051052
|
| 020 |
|
|
|a 0936726008 (pbk.) :
|c $6.95
|
| 035 |
|
|
|a (OCoLC)ocm06357611
|
| 040 |
|
|
|a DLC
|c DLC
|d TXA
|d UtOrBLW
|
| 049 |
|
|
|a TXAM
|
| 050 |
0 |
0 |
|a PS3552.O434
|b K58 1980
|
| 100 |
1 |
|
|a Bogen, Nancy,
|d 1932-
|
| 245 |
1 |
0 |
|a Klytaimnestra who stayed at home /
|c Nancy Bogen.
|
| 264 |
|
1 |
|a New York :
|b Twickenham Press,
|c 1980
|
| 264 |
|
4 |
|c ©1979
|
| 300 |
|
|
|a 240 pages ;
|c 21 cm.
|
| 336 |
|
|
|a text
|b txt
|2 rdacontent
|
| 337 |
|
|
|a unmediated
|b n
|2 rdamedia
|
| 338 |
|
|
|a volume
|b nc
|2 rdacarrier
|
| 948 |
|
|
|a cataloged
|b h
|c 2003/12/10
|d c
|e jgreene
|f 4:19:35 pm
|
| 994 |
|
|
|a E0
|b TXA
|
| 999 |
|
|
|a MARS
|
| 999 |
f |
f |
|s c3e16e90-77fa-3377-8beb-0cb3523b8643
|i a0cbd3b6-c8a2-3892-9e09-4c91e534f7ed
|t 0
|
| 952 |
f |
f |
|p ric
|a Texas A&M University
|b Rellis Campus
|c Joint Library Facility
|d Remote Storage
|t 0
|e PS3552.O434 K58 1980
|h Library of Congress classification
|i unmediated -- volume
|m A14830875717
|
| 998 |
f |
f |
|a PS3552.O434 K58 1980
|t 0
|l Remote Storage
|